000
00301nam a22001217a 4500
008
260424b |||||||| |||| 00| 0 eng d
082
_a
001296
100
_a
Penna, Madhusudhan
245
_a
The Yoga Upanisad's
260
_a
Delhi
_b
New Bharatiya Book Corporation
_c
2019
300
_a
825p
942
_2
ddc
999
_c
1321
_d
1321